000 00332nam a22001457a 4500
008 210312b ||||| |||| 00| 0 eng d
020 _a9780721681221
041 _aeng
080 _22nd
_a615.83
082 _a615.83
100 _a8
101 _aEGZ
245 _aFunctional Movement Development
_cCech, D. J
942 _2udc
_cBK
999 _c56474
_d56474